Score 0/25 Timer 06:00
0 Plays Today
% Correct
strawberry
92.9%
cherry
83.9%
black
82.1%
orange
66.1%
lemon
64.3%
grape
62.5%
raspberry
58.9%
chocolate
57.1%
watermelon
51.8%
green apple
41.1%
peach
41.1%
blue raspberry
33.9%
mango
33.9%
% Correct
caramel
26.8%
cinnamon
25%
root beer
21.4%
pina colada
21.4%
mint
19.6%
honey
16.1%
coffee
14.3%
potato
12.5%
toffee
10.7%
tea
8.9%
herb
7.1%
sea salt
3.6%
Remove Ads.
Support Sporcle.
Get the best of Sporcle when you Go Orange. This ad-free experience offers more features, more stats, and more fun while also helping to support Sporcle. Thank you for becoming a member.

You're not logged in!

Compare scores with friends on all Sporcle quizzes.
OR
Log In

Show Comments

Extras

Created Nov 22, 2010ReportNominate
Tags:Flavor

Top Quizzes Today


Score Distribution

Your Account Isn't Verified!

In order to create a playlist on Sporcle, you need to verify the email address you used during registration. Go to your Sporcle Settings to finish the process.

Report this User

Report this user for behavior that violates our Community Guidelines.

Details: